000 00764nam a2200229 a 4500
001 000031398
003 AM-YEHGA
005 20250618070941.0
008 971024s1971 ai |||||||||||||||||arm|d
040 _aAM-YeHGA
041 0 _aarm
100 1 _aՆար-Դոս,
_d1867-1933
_91453
245 1 0 _aՔնքուշ լարեր :
_bԶազունյան : Սպանված աղավնին /
_cՆար-Դոս; Խմբ.՝ Հ.Մ. Կարապետյան.
246 1 5 _aԶազունյան
246 1 5 _aՍպանված աղավնին
260 _aԵրևան :
_bՀայաստան,
_c1971.
300 _a469 էջ ;
_c22 սմ.
650 1 4 _aՀայ գրականություն
_xՎիպակ
700 1 _aԿարապետյան, Հ.Մ.
_eխմբ.
_4edt
942 _2udc
_cBK
090 _c14834
999 _c14724
_d14724